| 000 | 00789nam a2200253 a 4500 | ||
|---|---|---|---|
| 001 | C01364029c-6 | ||
| 003 | CO-ViMGA | ||
| 005 | 20230915233126.0 | ||
| 008 | 130111s2012 sp a br 0001f spa d | ||
| 020 | _a9788426384263 | ||
| 040 |
_aCO-ViMGA _bspa _cCO-ViMGA |
||
| 043 | _anwcu--- | ||
| 082 | 0 | 4 |
_aI861.6 _bS45m _219 |
| 100 | 1 |
_aSimón, Nelson, _d1965- _92724 |
|
| 245 | 1 | 0 |
_aMarilola, una vaca de ópera / _cNelson Simón ; ilustraciones Ares. |
| 260 |
_aZaragoza : _bEdelvives, _c2012. |
||
| 300 |
_a57 p. : _bil. ; _c20 cm. |
||
| 490 | 0 |
_aAla Delta. Serie azul ; _v81 |
|
| 650 | 1 | 4 |
_aFelicidad _v Cuentos infantiles. _92466 |
| 650 | 1 | 4 |
_aAnimales _v Cuentos infantiles. _9307 |
| 650 | 1 | 4 |
_aCuentos infantiles cubanos. _977 |
| 700 | 0 |
_aAres, _eil. _92725 |
|
| 942 |
_2ddc _cBK |
||
| 999 |
_c35344 _d35344 |
||